| 000 | 02467nam0a2200397 4500 | ||
|---|---|---|---|
| 001 | RU\NLR\BIBL_A\022287490 | ||
| 005 | 20260420013002.0 | ||
| 010 |
_a978-5-00220-230-0 _950 |
||
| 021 |
_aRU _bКН-П-24-035728 _9КН-П-24-3591 |
||
| 035 | _a(NLR Aleph) 022287490 | ||
| 090 |
_a13661914 _c13661914 |
||
| 100 | _a20240801d2023 u y0rusy50 ca | ||
| 101 | 0 | _arus | |
| 102 | _aRU | ||
| 105 | _aa|||j|||000yy | ||
| 181 | 0 |
_ai3 _baxxe |
|
| 182 | 0 | _an | |
| 200 | 1 |
_aТеория государства и права в схемах и определениях _eучебное пособие _eдля студентов юридических вузов _fИ. И. Бушуев, С. Л. Мельникова, Л. В. Смирнов _gФедеральное государственное бюджетное образовательное учреждение высшего образования "Всероссийский государственный университет юстиции (РПА Минюста России)", Тульский институт (филиал) ВГУЮ (РПА Минюста России) |
|
| 203 |
_aТекст _bвизуальный _cнепосредственный |
||
| 210 |
_aТула _cТульский институт (филиал) ВГУЮ (РПА Минюста России) _d2023 (печ. 2024) |
||
| 215 |
_a281 с. _cил., табл. _d21 |
||
| 225 | 1 | _aВ помощь студенту | |
| 225 | 1 | _aСерия "Учебное пособие" | |
| 300 | _aНа обороте тит. с. авт.: И. И. Бушуев, С. Л. Мельникова, Л. В. Смирнов, кандидаты юрид. наук, доценты | ||
| 320 | _aБиблиогр.: с. 278-281 (52 назв.) | ||
| 606 | 1 |
_aПраво _jСхемы _xТеория _91132203 _3RU\NLR\AUTH\66130636 |
|
| 606 | 1 |
_aГосударство _jСхемы _xТеория _92073063 _3RU\NLR\AUTH\661247934 |
|
| 686 | 1 | _aХ0я73 | |
| 700 | 1 |
_aБушуев _bИ. И. _gИгорь Иванович |
|
| 701 | 1 |
_aМельникова _bС. Л. _cканд. юрид. наук _gСветлана Леонидовна _9235343 _3RU\NLR\AUTH\770235399 |
|
| 701 | 1 |
_7ca _8rus _aСмирнов _bЛ. В. _cканд. юрид. наук _gЛеонид Валерьевич _92641786 _3RU\NLR\AUTH\770272065 |
|
| 942 | _cBOOK | ||
| 980 | _aNB | ||